Perspektívy výučby podnikovej ekonomiky na Fakulte podnikového manažmentu Ekonomickej univerzity v Bratislave

Gespeichert in:
Bibliographische Detailangaben
1. Verfasser: Majtán, Štefan
Format: Buchkapitel
Sprache:Slowakisch
Tags: Tag hinzufügen
Keine Tags, Fügen Sie das erste Tag hinzu!

MARC

LEADER 00000naa$a2200000$$$4500
001 0061665
005 20240502083148.2
041 0 |a slo 
044 |a CZ 
245 1 0 |a Perspektívy výučby podnikovej ekonomiky na Fakulte podnikového manažmentu Ekonomickej univerzity v Bratislave  |c Štefan Majtán 
100 1 |a Majtán, Štefan